| 000 | 00742nam a22001937a 4500 | ||
|---|---|---|---|
| 999 |
_c184318 _d184318 |
||
| 005 | 20220118163228.0 | ||
| 010 | _aUR-11397 | ||
| 020 |
_c500.00 _a9789387248793 |
||
| 035 | _aU-9952 | ||
| 037 |
_bDBAD/PUB _adpl |
||
| 082 | _a954.015123 | ||
| 100 | _aغو ثيہ با نو | ||
| 245 |
_aعہد عثما نی (فر امين و د ستا و يز ا ت کی ر و شنی ميں ) _cغو ثيہ با نو |
||
| 246 |
_bAhdy Usmani(Farameen-o-Dastavezaat Ki Roushni Mein) (Urdu) _aby Ghousia Banu |
||
| 260 |
_aHyderabad _bTanveer Publishers _c2021 ء |
||
| 270 |
_a#-11-6-837,2nd floor Sana Apartment Red Hills _bHyderabad _e- _k7207838273 _l- |
||
| 300 |
_a320 ص _c22 Cm(Hb) |
||
| 942 |
_2ddc _cUR _h954.015123 _mغ و ث |
||